000 00357nam a2200169Ia 4500
100 _aVarkey/C.P
650 _aPhilosophy
942 _cBK
366 _f25
654 _ahappiness
245 _aHappiness is your Right
260 _bBetter Yourself Books
_aBandra
_c1996
082 _a170/VAR
_bVAr
300 _a108
546 _aENGLISH
999 _c30660
_d30660